Transport Economic (Record no. 3840)

MARC details
005 - DATE AND TIME OF LATEST TRANSACTION
control field 20250612104934.0
020 ## - INTERNATIONAL STANDARD BOOK NUMBER
International Standard Book Number 978 1 78643 568 2
082 ## - DEWEY DECIMAL CLASSIFICATION NUMBER
Classification number 380.5 BUT
100 ## - MAIN ENTRY--PERSONAL NAME
Author name BUTTON, K.
245 ## - TITLE STATEMENT
Title Transport Economic
250 ## - EDITION STATEMENT
Edition statement 4th Ed.
260 ## - PUBLICATION, DISTRIBUTION, ETC.
Place of publication, distribution, etc. Cheltenham,
Name of publisher, distributor, etc. Edwardb Elgar ,
Date of publication, distribution, etc. 2022.
300 ## - PHYSICAL DESCRIPTION
Extent xiv, 574p.: Ill.; figures & table.
Other physical details Index
Dimensions 24cm.
942 ## - ADDED ENTRY ELEMENTS (KOHA)
Source of classification or shelving scheme Dewey Decimal Classification
Koha item type Books
Holdings
Date last seen Total checkouts Full call number Barcode Cost, replacement price Price effective from Koha item type Lost status Source of classification or shelving scheme Damaged status Not for loan Withdrawn status Home library Current library Shelving location Date acquired Cost, normal purchase price
06/12/2025   380.5 BUT 00000012677 512928.00 06/12/2025 Books   Dewey Decimal Classification       College of Business Education Main Library College of Business Education Main Library General Collection 09/17/2024 170976.00
06/12/2025   380.5 BUT 00000012678 512928.00 06/12/2025 Books   Dewey Decimal Classification       College of Business Education Main Library College of Business Education Main Library Special Reserve Collection 09/17/2024 170976.00
06/12/2025   380.5 BUT 00000012679 512928.00 06/12/2025 Books   Dewey Decimal Classification       College of Business Education Main Library College of Business Education Main Library General Collection 09/17/2024 170976.00
06/12/2025   380.5 BUT 00000012680 512928.00 06/12/2025 Books   Dewey Decimal Classification       College of Business Education Main Library College of Business Education Main Library General Collection 09/17/2024 170976.00
06/12/2025   380.5 BUT 00000012681 512928.00 06/12/2025 Books   Dewey Decimal Classification       College of Business Education Main Library College of Business Education Main Library General Collection 09/17/2024 170976.00